El proceso de integración europeo (Record no. 156174)
[ view plain ]
| 000 -LEADER | |
|---|---|
| fixed length control field | 00804nam a22001937a 4500 |
| 005 - DATE AND TIME OF LATEST TRANSACTION | |
| control field | 20210617121346.0 |
| 008 - FIXED-LENGTH DATA ELEMENTS--GENERAL INFORMATION | |
| fixed length control field | 210615b cr ||||| |||| 00| 0 spa d |
| 020 ## - INTERNATIONAL STANDARD BOOK NUMBER | |
| International Standard Book Number | 9977680450 |
| 050 04 - LIBRARY OF CONGRESS CALL NUMBER | |
| Classification number | HC241.2 |
| Item number | S46 1993 |
| 111 2# - MAIN ENTRY--MEETING NAME | |
| Meeting name or jurisdiction name as entry element | Seminario programa de formación de periodistas centromericanos en temas de la comunidad europea |
| Number of part/section/meeting | (1er : |
| Location of meeting | San José, Costa Rica : |
| Date of meeting | 25/28 mayo 1993) |
| 245 13 - TITLE STATEMENT | |
| Title | El proceso de integración europeo |
| Statement of responsibility, etc | / editor Gilberto Lopes |
| 250 ## - EDITION STATEMENT | |
| Edition statement | 1a ed. |
| 260 ## - PUBLICATION, DISTRIBUTION, ETC. (IMPRINT) | |
| Place of publication, distribution, etc | San José, Costa Rica : |
| Name of publisher, distributor, etc | Facultad Latinoamericana de Ciencias Sociales. Programa Costa Rica |
| Date of publication, distribution, etc | 1993 |
| 300 ## - PHYSICAL DESCRIPTION | |
| Extent | 116 p. ; |
| Dimensions | 21 cm. |
| 610 24 - SUBJECT ADDED ENTRY--CORPORATE NAME | |
| Corporate name or jurisdiction name as entry element | Comunidad Económica Europea |
| General subdivision | Integración |
| 651 #7 - SUBJECT ADDED ENTRY--GEOGRAPHIC NAME | |
| Source of heading or term | lemb |
| Geographic name | Europa |
| General subdivision | Integración económica |
| 700 1# - ADDED ENTRY--PERSONAL NAME | |
| Personal name | Lopes, Gilberto |
| Relator term | editor |
| -- | coordinador |
| 942 ## - ADDED ENTRY ELEMENTS (KOHA) | |
| Source of classification or shelving scheme | Biblioteca del Cogreso de los Estados Unidos |
| Koha item type | Libro |
| Estado de pérdida | Fuente de clasificación | Estado del daño | No para préstamo | Ubicación permanente | Ubicación actual | Apartado o colección | Fecha de adquisición | Edición | Dependencia de educación superior (DES) | Área del conocimiento | Clasificación | Código de Barras | Date last seen | Número de copia | Costo por reposición | Tipo de recurso |
|---|---|---|---|---|---|---|---|---|---|---|---|---|---|---|---|---|
| Biblioteca del Cogreso de los Estados Unidos | Biblioteca del Posgrado en Derecho | Biblioteca del Posgrado en Derecho | Colección Ernesto Villanueva | 15/06/2021 | 1a ed. | Derecho | Ciencias Sociales y Administrativas | HC241.2 S46 1993 | BPD000001694 | 15/06/2021 | 1 | 1.00 | Libro |